Missing Word: The Simpsons Characters (A-Z) Quiz Stats

 Plays Quiz Updated Sep 10, 2016

Challenge
Share
Tweet
Embed
Score 0/24 Timer 03:00
0 Plays Today
Hint Answer % Correct
_____ FlandersNed
96.6%
_____ & ScratchyItchy
95.7%
_____ SimpsonHomer
95.5%
_____ NahasapeemapetilonApu
93.8%
Milhouse _____ HoutenVan
90.9%
_____ KrabappelEdna
88.7%
_____ GumbleBarney
87.9%
Groundskeeper _____Willie
87.3%
_____ BrockmanKent
84.2%
_____ WiggumRalph
83.5%
Mayor 'Diamond Joe' _____Quimby
80.7%
_____ Julius HibbertDr.
78.9%
Hint Answer % Correct
Bleeding _____ MurphyGums
78.2%
Fat _____Tony
78%
Jebediah _____Springfield
73.6%
_____ HutzLionel
71.7%
Troy _____McClure
70.6%
Jimbo _____Jones
70.2%
Professor _____Frink
64.3%
_____ MannOtto
60.8%
Artie ______Ziff
49.1%
_____ SpucklerCletus
48.2%
Arnie _____Pye
37.3%
_____ ZörkerÜter
36.4%

Today's Daily Dose

Missing Word
Entertainment 'L'

Word Ladder
Fingers

Quick Pick
When in Rome

On This Day
December 15th II

You're not logged in!

Compare scores with friends on all Sporcle quizzes.
OR
Log In

You Might Also Like...

Show Comments

Extras

Top Quizzes Today


Score Distribution

Your Account Isn't Verified!

In order to create a playlist on Sporcle, you need to verify the email address you used during registration. Go to your Sporcle Settings to finish the process.

Report this User

Report this user for behavior that violates our Community Guidelines.

Details: